00625nam a2200193Ia 4500003000900000008004100009020001700050040001600067080001600083100002000099245010900119260003300228300001400261490006800275650004100343650002000384650001000404700001700414IN-BaIIA211028s9999 xx 000 0 eng d a008-015827-7 cIIA Library a523.31bJOR aJordan, Pascual 4aThe Expanding earthbsome consequences of Dirac's gravitation hypothesiscPascual Jordan and Arthur Beer aOxfordbPergamon Pressc1971 axv, 202p. aInternational series of monographs in natural philosophy; v. 37 aAstronomy and Astrophysics Thesaurus aDirac Cosmology aEarth aBeer, Arthur